| 000 | 00701nam a2200241Ia 4500 | ||
|---|---|---|---|
| 001 | 3066 | ||
| 008 | 180108s1984 ii a g b000 u 465 u | ||
| 082 | _a541 | ||
| 100 | _aSinha, A. K.. | ||
| 245 | 0 |
_aModern Approach to Chemistry: Vol.I / _cA.K. Sinha, N.C. Mitra & Y.R. Sarma. _hTextual Documents |
|
| 250 | _a1st ed. / | ||
| 260 |
_aNew Delhi : _bKalyani Publisher , _c1984. |
||
| 300 |
_a560p. : _bill ; _c21 cm. . |
||
| 500 | _aH S Course of West Bangal | ||
| 504 | _aAppendix Glossary and Log- Table | ||
| 653 | _aChemistry | ||
| 653 | _aPhysical Chemistry | ||
| 653 | _aG-Chemistry | ||
| 653 | _aT/G-Chemistry | ||
| 700 | _aMitra, N.C. . | ||
| 700 | _aSarma, Y.R. . | ||
| 942 |
_2ddc _cBK |
||
| 999 |
_c3054 _d3054 |
||